| 000 | 00830cam a22002174a 4500 | ||
|---|---|---|---|
| 005 | 20250605164140.0 | ||
| 008 | 250528s ||||||||||||||||||||||||d | ||
| 035 | _a18926 | ||
| 020 | _a333512677 | ||
| 040 |
_aGR-AtMCL _bgre _dGR-AtMCL _eAACR2 |
||
| 245 | 1 | _aInsights / Student's Book | |
| 250 | _a1st | ||
| 260 |
_bMacmillan Publishers And English Language Arts, _c1989 |
||
| 300 | _a122 | ||
| 520 | _aA complete course for students at a pre-FCE Level. Who are You?, Safety First, Read All About It, New Departures, Technology or Tradition, Wheels, Imagine, Travelers' Tales, A Changing World, Rubbish and Radio, The Ground Beneath Us, The World Around Us, Mysteries, Man and Nature, Runaway. | ||
| 700 | 1 |
_aFarthing Matthew _95213 |
|
| 700 | 1 |
_aPulverness Alan _95214 |
|
| 942 | _cBK | ||
| 999 |
_c4227 _d4227 |
||